000 01117nac a22003017a 4500
001 BR8201428
003 BR-BrBNA
005 20240105115251.0
008 230509b bl.|||m| |||| 00| 0 por d
040 _aBR-BrBNA
_bpor
_cBiblioteca Nacional de Agricultura
072 _aL00
090 _a5250 BR8201428
100 1 _aSimplicio, A.A.
100 1 _aFigueiredo, E.A.P. de
100 1 _aRiera, G.S.
100 1 _aLima, F. de A.M.
110 1 _aCentro Nacional de Pesquisa de Caprinos, Sobral, CE (Brasil)
_91759
245 1 _aComportamento produtivo de caprinos sem raca definida (SRD)submetidos ao manejo tradicional de exploracao [Capra hircus; Brasil]
246 1 _a[Productive performance of sheep without defined breed under traditional exploitation treatment [Capra hircus; Brazil]]
260 3 _aSobral, CE (Brasil):
_c1981.
300 _a5 p.
490 _aPesquisa em Andamento - Centro Nacional de Pesquisa de Caprinos (Brazil)
_vno. 5
_x
650 _aProducao animal
650 _aCaprino
650 _aManejo
909 _a202312
_bLúcia Elande
_c55
_dLúcia Elande
942 _2AGRIS
_n0
_cMS
999 _c273976
_d273976